Responses for show #6048 - Wednesday, December 22, 2010

Tom Nissley game 7.

Contestants

Dennis Loo, a tutor from Cambridge, Massachusetts

Ester Murdukhayeva, a law student originally from Queens, New York

Tom Nissley, an online books editor from Seattle, Washington (whose 6-day cash winnings total $184,203)

Jeopardy! Round responses

JOYCE TO THE WORLD
HOLIDAY ALBUMS
GATHER 'ROUND THE "TRE"
OH BOY! PRESENTS!
ON THE DAY AFTER CHRISTMAS
IN DEFENSE OF FRUITCAKE
    $200 1
Hallmark

Dennis
    $200 10
Charlie Brown

Tom
    $200 30
treason

Tom
    $200 21
a drum set

Dennis
    $200 8
the computer

Tom
    $200 3
rum

Tom
    $400 12
Dr. Joyce Brothers

Tom
    $400 11
Bing Crosby

Ester
    $400 6
the tree tops

Triple Stumper
    $400 14
a frisbee

Tom
    $400 7
Kwanzaa

Tom
    $400 2
Dickens

Tom
    $600 13
(Joyce) Kilmer

Dennis
    $600 16
Kenny G

Ester
    $600 29
retreating

Ester
    $600 28
umbrellas

Ester
    $1,200 24
(Ester: Who is Eisenhower?)

General Patton

Ester
    $600 4
bread

Triple Stumper
    $800 15
James Joyce

Ester
    $800 17
Mariah Carey

Tom
    $800 27
a streetcar

Dennis
    $800 20
IKEA

Tom
    $800 23
Louis XVI

Ester
    $800 5
the Ottomans (or the Turks)

Dennis
    $1000 19
Mouth

Dennis
    $1000 18
(Ester: Who are Donny and Marie Osmond?)

the Carpenters

TomEster
    $1000 26
Montreal

Dennis
    $1000 25
(Carol) Burnett

Dennis
    $1000 22
Trenton

Ester
    $1000 9
the pomegranate

Ester

Scores at the first commercial break (after clue 15):

Tom Ester Dennis
$2,200 $2,200 $1,600

Scores at the end of the Jeopardy! Round:

Tom Ester Dennis
$5,000 $3,600 $5,600

Double Jeopardy! Round responses

MOLECULES
CELEBRITY MEMOIRS
LITERARY CANINES & FELINES
COMMON BONDS
LIFE IS SHORT
"PP"s ON EARTH
    $400 10
Tori Spelling

Tom
    $400 5
the owl

Dennis
    $400 20
things you jump

Triple Stumper
    $400 1
Toulouse-Lautrec

Tom
    $400 8
to appeal

Tom
    $800 3
(Dennis: What is miscible?)

a detergent

Dennis
Triple Stumper
    $800 11
Belinda Carlisle

Tom
    $800 4
Lassie

Tom
    $800 19
upside-down

Tom
    $800 2
(Edvard) Grieg

Dennis
    $800 6
a skipper

Dennis
    $1200 29
[The end-of-round signal sounds]

acid rain

Tom
    $1200 12
Pat Benatar

Tom
    $1200 28
greymalkin

Dennis
    $1200 21
acronyms (of U.S. Government Agencies)

Dennis
    $1200 15
Benito Juárez

Triple Stumper
    $1200 9
a supplement

Ester
    $1600 22
DNA

Dennis
    $1600 13
Raquel Welch

Tom
    $1600 24
(Bill) Sikes

Dennis
    $10,000 26
(Dennis: What are triplets?)

New Yorkers

Dennis
    $1600 16
Robert Reich

Tom
    $1600 7
a doppelgänger

Tom
    $7,000 23
photosynthesis

Dennis
    $2000 14
Mary Tyler Moore

Triple Stumper
    $2000 25
(Alex: With a minute to go.)

White Fang

Dennis
    $2000 27
(things with) futures

Tom
    $2000 17
(Immanuel) Kant

Tom
    $2000 18
Steppenwolf

Dennis

Scores at the end of the Double Jeopardy! Round:

Tom Ester Dennis
$19,800 $4,800 $13,400

[wagering suggestions for these scores]

Final Jeopardy! Round responses

U.S. HISTORY
EsterWhat is vote?
$4,799
DennisWhat is register to vote?
$0
TomWhat is vote?
$7,001
vote

Final scores:

Tom Ester Dennis
$26,801 $9,599 $13,400
7-day champion: $211,004 3rd place: $1,000 2nd place: $2,000

Game dynamics:

Coryat scores:

Tom Ester Dennis
$19,800 $6,000 $18,400
24 R,
0 W
9 R,
2 W
(including 1 DD)
18 R
(including 1 DD),
2 W
(including 1 DD)

Combined Coryat: $44,200

The J! Archive is created by fans, for fans. The Jeopardy! game show and all elements thereof, including but not limited to copyright and trademark thereto, are the property of Jeopardy Productions, Inc. and are protected under law. This website is not affiliated with, sponsored by, or operated by Jeopardy Productions, Inc. Join the discussion at JBoard.tv.